000 00933 a2200169 4500
003 Nust
005 20230314101009.0
040 _cNust
082 _a368,WEL
100 _aJ. R. Welson
_9110224
245 _aInsurance Organization and Management /
_cJ.B. Welson and F.H. Sherriff.
260 _aLondon
_bSir Issac and pitman sons
_c1945
300 _a302, p:
505 _aIntroductory (Page-1), Constitution of an Insurance Company (Page-4), The Office (Page-20), Office Systems (Page-37), Mechanization (Page-61), Office Organization (Page-88), Office Management (Page-102), Remuneration (Page-125), Officers of the Company (Page-139), Correspondence (Page-147), Branch Control and Audits (Page-168), Agency (Page-177), Secrtial matters (Page-191), The Life Departments (Page-219), The Fire Departments (Page-254), The Accident Department (Page-268).
650 _aInsurance orgnazation and mangament
_9110225
942 _2ddc
_cBK
999 _c185761
_d185761